History Quiz

Random History or World Quiz

World War 1 Weapons Quiz Stats

 Plays Quiz not verified by Sporcle

Score 0/11 Timer 03:00
0 Plays Today
Description Weapon % Correct
First used by British. Rolled over trenches.Tank
87%
All troops issued with one of these.Rifle
79.5%
Chemical weapon used first by Germans. Gas
71.3%
Stopped enemy infantry.Machine Gun
71.1%
Eg. 'Potato Masher'. Effective within trenches.Grenade
66.6%
Not strictly a weapon, but as resistance.Barbed Wire
45.2%
Small range, inaccurate,high fuel consumptionFlamethrower
34.7%
Used for observation and bombing. Zeppelin
26.4%
Used for observation, involved in 'dogfights'Aeroplane
21.9%
Produced shrapnel and very accurate.Trench Mortar
8.9%
Used before the Battle of Somme. Huge RangeThe Big Guns
7.5%

You're not logged in!

Compare scores with friends on all Sporcle quizzes.
OR
Log In

Show Comments

Extras

Top Quizzes Today


Score Distribution

Your Account Isn't Verified!

In order to create a playlist on Sporcle, you need to verify the email address you used during registration. Go to your Sporcle Settings to finish the process.

Report this User

Report this user for behavior that violates our Community Guidelines.

Details: